000 01127nam0a22003011 4500
001 rc\3733356
005 20260408143515.0
021 _aRU
_b[69-79575]
035 _a(NLR Aleph) 007867103
090 _a7833670
_c7833670
100 _a20130115d1969 u y0rusy50 ca
101 0 _arus
_aeng
102 _aRU
105 _ay z |||||
200 1 _a[Доклады]
_fАН СССР. Советско-яп. симпозиум по теории вероятностей. Хабаровск, авг. 1969 г.
210 _aНовосибирск
_cБ. и.
_d1969
215 _a107 с.
_d20
300 _aЧасть текста на англ. яз.
320 _aБиблиогр. в конце докладов
532 1 3 _aДоклады
606 _aВероятностей теория
_jСборники
_2psbo
710 1 2 _aСоветско-японский симпозиум по теории вероятностей
_eХабаровск
_f1969
_92681228
_3RU\NLR\AUTH\880632572
801 0 _aRU
_bNLR
_gpsbo
801 1 _aRU
_bELAR
_2rusmarc
852 _aNLR
_j69-3/7054
942 _cBOOK
980 _aNB